[Event "TCh-TUR Super League 2023"]
[Site "Ankara TUR"]
[Date "2023.07.10"]
[Round "1.1"]
[Board "3"]
[White "Akbas, Umut Ata"]
[Black "Selbes, Tarik"]
[Result "1-0"]
[WhiteTitle "IM"]
[BlackTitle "FM"]
[WhiteElo "2401"]
[BlackElo "2245"]
[WhiteTeam "APAYDIN SATRANC VE"]
[BlackTeam "TAS DUVAR"]
[WhiteFideId "44572646"]
[BlackFideId "6302513"]
[EventDate "2023.07.10"]

1. d4 Nf6 2. c4 e6 3. Nf3 c5 4. d5 d6 5. Nc3 exd5 6. cxd5 g6 7. e4 a6 8. a4 Bg4
9. Be2 Bxf3 10. Bxf3 Nbd7 11. O-O Bg7 12. Bf4 Qe7 13. Qd2 O-O 14. Rae1 Rab8 15.
Be2 Rfc8 16. b3 b5 17. axb5 axb5 18. Nxb5 Ne5 19. Bc4 Re8 20. Bg5 Qd7 21. Bxf6
Bxf6 22. f4 Nxc4 23. bxc4 Ra8 24. Rf2 Ra4 25. Qc2 Rb4 26. Rfe2 Qg4 27. Nxd6 Bd4+
28. Kh1 Reb8 29. Nb5 Qxf4 30. e5 Rb2 31. Qd1 1-0

[Event "TCh-TUR Super League 2023"]
[Site "Ankara TUR"]
[Date "2023.07.10"]
[Round "1.1"]
[Board "4"]
[White "Karagollu, Ahmet"]
[Black "Agdelen, Huseyin Can"]
[Result "1/2-1/2"]
[BlackTitle "FM"]
[WhiteElo "2175"]
[BlackElo "2404"]
[WhiteTeam "TAS DUVAR"]
[BlackTeam "APAYDIN SATRANC VE"]
[WhiteFideId "6307825"]
[BlackFideId "6352260"]
[EventDate "2023.07.10"]

1. d4 d5 2. Nc3 Nf6 3. Bf4 a6 4. e3 e6 5. Nf3 b5 6. Be2 Bb7 7. O-O Nbd7 8. Ne5
c5 9. a4 b4 10. Na2 Nxe5 11. Bxe5 Nd7 12. Bg3 Be7 13. dxc5 Bxc5 14. c3 bxc3 15.
b4 Be7 16. Rc1 Rc8 17. b5 a5 18. Rxc3 Nc5 19. Qc2 O-O 20. Rc1 f6 21. Bd3 Nxd3
22. Qxd3 e5 23. Rxc8 Bxc8 24. Nc3 d4 25. exd4 exd4 26. Ne2 Bb4 27. Qxd4 Qe7 28.
Nf4 Rd8 29. Qc4+ Qf7 30. Qxf7+ Kxf7 31. Rc7+ Rd7 32. Nd5 Rxc7 33. Bxc7 Be6 34.
Nxb4 axb4 35. Bd6 b3 36. Ba3 Ke8 37. f4 Kd7 38. Kf2 Kc7 39. Ke3 Kb6 40. Kd4 h5
41. Bb2 Bf7 42. g3 Be6 43. Bc3 b2 44. Bxb2 Bb3 45. Ke4 Bxa4 46. Bxf6 g6 1/2-1/2

[Event "TCh-TUR Super League 2023"]
[Site "Ankara TUR"]
[Date "2023.07.10"]
[Round "1.1"]
[Board "5"]
[White "Buksa, Nataliya"]
[Black "Nurmanova, Alua"]
[Result "0-1"]
[WhiteTitle "IM"]
[BlackTitle "WIM"]
[WhiteElo "2365"]
[BlackElo "2183"]
[WhiteTeam "APAYDIN SATRANC VE"]
[BlackTeam "TAS DUVAR"]
[WhiteFideId "14123622"]
[BlackFideId "13729390"]
[EventDate "2023.07.10"]

1. e4 c5 2. Nf3 d6 3. d4 cxd4 4. Nxd4 Nf6 5. Nc3 a6 6. h4 e6 7. g4 d5 8. exd5
Nxd5 9. Bd2 Bc5 10. Nb3 Ba7 11. Bg2 O-O 12. Qf3 Nxc3 13. Qxc3 e5 14. O-O-O Qf6
15. Bg5 Qxf2 16. Bd5 Nc6 17. Rhf1 Qe2 18. Rde1 Qxg4 19. Nc5 Bxc5 20. Qxc5 Qb4
21. Qg1 Kh8 22. Bxf7 Bh3 23. Rf2 Qc5 24. Qg3 Be6 25. Be3 Qe7 26. Bg5 Qd7 27. Rd1
Qc8 28. Bh5 Qc7 29. a3 Rxf2 30. Qxf2 Nd4 31. Be3 Nf5 32. Bd2 e4 33. Bc3 Qc4 34.
Qf4 Rc8 35. Rg1 Qa2 36. Qg5 Rxc3 37. bxc3 e3 38. Kd1 Qb1+ 39. Ke2 Qxc2+ 40. Kf3
Bd5+ 41. Kg4 Qf2 42. Kh3 e2 43. Bxe2 Qxe2 44. Qd8+ Bg8 45. Qc7 Qf2 46. Rb1 Qxh4+
47. Kg2 Qe4+ 0-1

[Event "TCh-TUR Super League 2023"]
[Site "Ankara TUR"]
[Date "2023.07.10"]
[Round "1.1"]
[Board "6"]
[White "Tarlabasi, Emirhan"]
[Black "Taspinar, Yanki"]
[Result "0-1"]
[WhiteTitle "FM"]
[BlackTitle "FM"]
[WhiteElo "2301"]
[BlackElo "2302"]
[WhiteTeam "TAS DUVAR"]
[BlackTeam "APAYDIN SATRANC VE"]
[WhiteFideId "6350275"]
[BlackFideId "34561188"]
[EventDate "2023.07.10"]

1. d4 d5 2. c4 e6 3. Nf3 Nf6 4. Nc3 a6 5. cxd5 exd5 6. Bg5 Be6 7. e3 Nbd7 8. Bd3
Bd6 9. O-O O-O 10. h3 c6 11. Nd2 h6 12. Bh4 g5 13. Bg3 Bxg3 14. fxg3 c5 15. Qf3
Qb6 16. Qf2 cxd4 17. exd4 Qxb2 18. Rac1 Rac8 19. Rc2 Qa3 20. Rfc1 Rc6 21. Nb3
Qb4 22. h4 Rfc8 23. hxg5 hxg5 24. Qd2 Kf8 25. Ne4 Qxd2 26. Nexd2 Rxc2 27. Rxc2
Rxc2 28. Bxc2 Ng4 29. Nf1 Ke7 30. Bd3 Kd6 31. Na5 Kc7 32. Nb3 b5 33. Be2 Kb6 34.
Na1 a5 35. Nc2 Nb8 36. Bd3 Nc6 37. Nd2 a4 38. Kf1 Ka5 39. a3 b4 40. axb4+ Nxb4
41. Ne1 Nxd3 42. Nxd3 Bf5 43. Nc1 Ne3+ 44. Ke2 Nc2 45. Nf3 f6 46. Kd2 Kb4 47. g4
Be4 48. Kd1 Bxf3+ 0-1

[Event "TCh-TUR Super League 2023"]
[Site "Ankara TUR"]
[Date "2023.07.10"]
[Round "1.2"]
[Board "1"]
[White "Yakubboev, Nodirbek"]
[Black "Demchenko, Anton"]
[Result "1/2-1/2"]
[WhiteTitle "GM"]
[BlackTitle "GM"]
[WhiteElo "2640"]
[BlackElo "2623"]
[WhiteTeam "KARAMAN FUTBOL KULUBU"]
[BlackTeam "HUKUKCU FENERBAHCELILER SPOR VE KULTUR K"]
[WhiteFideId "14203987"]
[BlackFideId "4160258"]
[EventDate "2023.07.10"]

1. d4 d5 2. c4 e6 3. Nc3 Nf6 4. cxd5 exd5 5. Bg5 c6 6. e3 Be7 7. Bd3 Nbd7 8. Qc2
O-O 9. h3 Re8 10. Nf3 a6 11. Bf4 c5 12. dxc5 Nxc5 13. O-O Be6 14. Rfd1 Rc8 15.
Rac1 b5 16. Qb1 Nxd3 17. Qxd3 b4 18. Ne2 Qa5 19. Nfd4 Rxc1 20. Nxc1 Rc8 21. Qb1
Ne4 22. Nce2 Bf6 23. Rc1 Rxc1+ 24. Qxc1 Bd7 25. Qc7 Qxc7 26. Bxc7 Nc5 27. Ba5
Nd3 28. b3 Bh4 29. g3 Be7 30. Nf4 Nxf4 1/2-1/2

[Event "TCh-TUR Super League 2023"]
[Site "Ankara TUR"]
[Date "2023.07.10"]
[Round "1.2"]
[Board "2"]
[White "Annaberdiyev, Meylis"]
[Black "Daneshvar, Bardiya"]
[Result "1/2-1/2"]
[WhiteTitle "GM"]
[BlackTitle "GM"]
[WhiteElo "2496"]
[BlackElo "2577"]
[WhiteTeam "HUKUKCU FENERBAHCELILER SPOR VE KULTUR K"]
[BlackTeam "KARAMAN FUTBOL KULUBU"]
[WhiteFideId "14000563"]
[BlackFideId "12576468"]
[EventDate "2023.07.10"]

1. d4 d5 2. c4 e6 3. Nc3 Nf6 4. cxd5 exd5 5. Bg5 c6 6. e3 h6 7. Bh4 Be7 8. Bd3
O-O 9. Qc2 Re8 10. Nf3 Ne4 11. Bg3 Nxg3 12. hxg3 Bf6 13. O-O-O b5 14. Bh7+ Kf8
15. Bf5 Nd7 16. e4 b4 17. Na4 dxe4 18. Bxe4 Bb7 19. Bf5 Kg8 20. Ne5 Nf8 21. f4
Bc8 22. Be4 Be6 23. Nxc6 Qd6 24. Qc5 Qd7 25. d5 Bf5 26. Bxf5 Qxf5 27. Qc2 Qg4
28. Qd3 Re2 29. Qf3 Qxf3 30. gxf3 Nd7 31. Rd2 Re3 32. Rf1 a5 33. Kc2 g6 34. Rd3
Re2+ 35. Rd2 Re3 36. Rff2 Re1 37. Rd1 Re3 38. Rd3 Re1 39. Kb3 h5 40. Rg2 Rh1 41.
Kc4 h4 42. gxh4 Rxh4 43. Kb5 Rxf4 44. Nb6 Nxb6 45. Kxb6 Rc4 46. Re2 Kf8 47. Kb7
Re8 48. Rdd2 Rf4 49. d6 Rxe2 50. Rxe2 Rxf3 51. d7 Rd3 52. Kc7 Rd1 53. Nxa5 Bh4
54. Nc6 f5 55. Re8+ Kg7 56. d8=Q Bxd8+ 57. Rxd8 Rc1 58. Rd4 g5 59. Kd6 g4 60.
Ne5 g3 61. Nf3 Kf6 62. Rd3 f4 63. Kd5 Kf5 64. Rd4 Rf1 65. Nh4+ Kg5 66. Ng2 Rf2
67. Ne1 Rxb2 68. Nf3+ Kf5 69. Nh4+ Kg4 70. Ng6 Rf2 71. Ke5 Rxa2 72. Nxf4 b3 73.
Rb4 b2 74. Ne2+ Kf3 75. Nxg3 Kxg3 76. Rb3+ Kf2 77. Kd4 Ke2 1/2-1/2

[Event "TCh-TUR Super League 2023"]
[Site "Ankara TUR"]
[Date "2023.07.10"]
[Round "1.2"]
[Board "3"]
[White "Aydincelebi, Kagan"]
[Black "Ozer, Omer Faruk"]
[Result "1/2-1/2"]
[WhiteTitle "FM"]
[BlackTitle "IM"]
[WhiteElo "2280"]
[BlackElo "2333"]
[WhiteTeam "KARAMAN FUTBOL KULUBU"]
[BlackTeam "HUKUKCU FENERBAHCELILER SPOR VE KULTUR K"]
[WhiteFideId "6361102"]
[BlackFideId "6354564"]
[EventDate "2023.07.10"]

1. e4 e5 2. Nf3 Nc6 3. Bb5 a6 4. Ba4 Nf6 5. O-O b5 6. Bb3 Bb7 7. d4 Nxd4 8.
Bxf7+ Kxf7 9. Nxe5+ Kg8 10. Qxd4 c5 11. Qd1 Qe8 12. Bf4 Nh5 13. g3 d6 14. Nd3
Qxe4 15. f3 Qd4+ 16. Kg2 c4 17. Qe1 Qd5 18. Nc3 Qf7 19. Nc1 Re8 20. Qd2 Nxf4+
21. gxf4 d5 22. N1e2 b4 23. Nd1 Bc5 24. Nd4 Qf6 25. c3 a5 26. Nf2 Bd6 27. f5 Qh4
28. Nh3 h6 29. Rae1 Kh7 30. Re6 Be5 31. Qe1 Qxe1 32. Rxe1 Rxe6 33. fxe6 Bf6 34.
Nf4 g5 35. Nh5 Bxd4 36. cxd4 Kg6 37. Ng3 Re8 38. Re5 Kf6 39. Nh5+ Kg6 40. Ng3
Kf6 41. Nh5+ Kg6 42. Ng3 Kf6 1/2-1/2

[Event "TCh-TUR Super League 2023"]
[Site "Ankara TUR"]
[Date "2023.07.10"]
[Round "1.2"]
[Board "4"]
[White "Huseyinoglu, Alihan"]
[Black "Makaraci, Tunahan"]
[Result "1/2-1/2"]
[WhiteTitle "IM"]
[WhiteElo "2261"]
[BlackElo "2296"]
[WhiteTeam "HUKUKCU FENERBAHCELILER SPOR VE KULTUR K"]
[BlackTeam "KARAMAN FUTBOL KULUBU"]
[WhiteFideId "14202875"]
[BlackFideId "6356559"]
[EventDate "2023.07.10"]

1. Nf3 Nf6 2. g3 d5 3. Bg2 c5 4. O-O Nc6 5. d4 e6 6. c4 cxd4 7. Nxd4 Bc5 8. Nb3
Bb6 9. cxd5 exd5 10. Bg5 d4 11. N1d2 h6 12. Bxf6 Qxf6 13. Nc4 O-O 14. Nxb6 axb6
15. Bxc6 bxc6 16. Qxd4 Qd8 17. Rfd1 Qc7 18. Qd6 Qb7 19. Nd4 Bd7 20. Nc2 Be6 21.
a3 Bb3 22. Rd2 c5 23. Ne3 Rad8 24. Qxd8 Rxd8 25. Rxd8+ Kh7 26. Rc1 Qe4 27. Rd6
Qe5 28. Rxb6 Qxb2 29. Rxc5 Qxa3 30. Rcb5 Be6 31. Rb1 Qc3 32. R6b2 Qd4 33. Rc2
Qa7 34. h4 Qa4 35. Rbc1 Qe4 36. Rd2 Qb4 37. Rd3 Qb2 38. Rc2 Qb1+ 39. Rd1 Qb3 40.
Rcd2 Qb5 41. Nc2 Qe5 42. Nd4 Bc8 43. Nf3 Qe4 44. Rc1 Ba6 45. Rcc2 Bc4 46. Rb2
Be6 47. Rd4 Qc6 48. Rbd2 Bh3 49. Kh2 Be6 50. Kg2 Qc5 51. Re4 Bd5 52. Re3 Be6 53.
Re4 Bd5 54. Re3 Be6 55. Re4 Bd5 1/2-1/2

[Event "TCh-TUR Super League 2023"]
[Site "Ankara TUR"]
[Date "2023.07.10"]
[Round "1.2"]
[Board "5"]
[White "Abdulla, Khayala"]
[Black "Caglar, Sila"]
[Result "1-0"]
[WhiteTitle "WGM"]
[BlackTitle "WIM"]
[WhiteElo "2229"]
[BlackElo "2235"]
[WhiteTeam "KARAMAN FUTBOL KULUBU"]
[BlackTeam "HUKUKCU FENERBAHCELILER SPOR VE KULTUR K"]
[WhiteFideId "13401807"]
[BlackFideId "6364063"]
[EventDate "2023.07.10"]

1. e4 c5 2. Nf3 Nc6 3. d4 cxd4 4. Nxd4 g6 5. c4 Bg7 6. Be3 Qb6 7. Nb3 Qd8 8. Nc3
Bxc3+ 9. bxc3 Nf6 10. f3 d6 11. Be2 Be6 12. O-O O-O 13. Qe1 Ne5 14. c5 d5 15.
Bd4 Nc6 16. Bxf6 exf6 17. Rd1 Ne7 18. exd5 Bf5 19. Bc4 Bc2 20. Rd2 Bxb3 21. axb3
Nf5 22. d6 Rc8 23. b4 Qd7 24. Bd5 a5 25. Be4 Ng7 26. Qh4 Rfe8 27. Bxb7 Qxb7 28.
d7 axb4 29. dxc8=Q Qxc8 30. cxb4 Qf5 31. Rfd1 Ne6 32. Rd5 Qc2 33. Qxf6 Qb3 34.
Rd7 Nf8 35. R7d3 Qxb4 36. Qc3 Qb8 37. c6 Ne6 38. Rd7 Qb6+ 39. Kh1 Qf2 40. Qf6
Ng5 41. Rd8 1-0

[Event "TCh-TUR Super League 2023"]
[Site "Ankara TUR"]
[Date "2023.07.10"]
[Round "1.2"]
[Board "6"]
[White "Ahmadzada, Ahmad"]
[Black "Ipek, Egehan"]
[Result "1-0"]
[WhiteTitle "IM"]
[BlackTitle "FM"]
[WhiteElo "2503"]
[BlackElo "2258"]
[WhiteTeam "HUKUKCU FENERBAHCELILER SPOR VE KULTUR K"]
[BlackTeam "KARAMAN FUTBOL KULUBU"]
[WhiteFideId "13413007"]
[BlackFideId "44523793"]
[EventDate "2023.07.10"]

1. c4 Nf6 2. g3 c6 3. Nf3 d5 4. Bg2 dxc4 5. O-O Nbd7 6. Na3 Nb6 7. Ne5 Qd4 8.
Nexc4 Nxc4 9. Qa4 Bd7 10. Qxc4 e5 11. Qb3 Qb4 12. Nc4 e4 13. Qc2 Be6 14. b3 Qb5
15. Bb2 O-O-O 16. Bxf6 gxf6 17. Bxe4 h5 18. h4 f5 19. Bd3 Kb8 20. Ne3 Qb4 21.
Bxf5 Rxd2 22. Qb1 Bh6 23. a3 Qd6 24. Nc4 Bxc4 25. bxc4 Be3 26. Kg2 Rg8 27. Qe1
Bf4 28. Be4 Be5 29. Rb1 Rd4 30. Bf3 Rxh4 31. Rh1 Rxc4 32. Rxh5 Rc3 33. a4 Bd4
34. Qd2 Rd8 35. Rh7 Rd7 36. Rd1 Be5 37. Qg5 Qe7 38. Qg8+ 1-0

[Event "TCh-TUR Super League 2023"]
[Site "Ankara TUR"]
[Date "2023.07.10"]
[Round "1.3"]
[Board "1"]
[White "Abasov, Nijat"]
[Black "Nihal, Sarin"]
[Result "1-0"]
[WhiteTitle "GM"]
[BlackTitle "GM"]
[WhiteElo "2632"]
[BlackElo "2688"]
[WhiteTeam "DARUSSAFAKA"]
[BlackTeam "BAYEGAN PENDIK"]
[WhiteFideId "13402960"]
[BlackFideId "25092340"]
[EventDate "2023.07.10"]

1. e4 e5 2. Nc3 Nf6 3. Bc4 Bc5 4. d3 Nc6 5. Nf3 d6 6. Bg5 h6 7. Bxf6 Qxf6 8. Nd5
Qd8 9. c3 a6 10. d4 exd4 11. cxd4 Ba7 12. h3 O-O 13. O-O Ne7 14. Re1 Nxd5 15.
Bxd5 c6 16. Bb3 Re8 17. Rc1 Be6 18. Rc3 Qa5 19. a3 Bxb3 20. Qxb3 Re7 21. Qc2
Rae8 22. Rce3 c5 23. d5 c4 24. R3e2 Qc5 25. Rd1 f5 26. e5 dxe5 27. d6 Rd7 28. b4
cxb3 29. Qxb3+ Kh7 30. Rd5 Qc1+ 31. Re1 Qf4 32. Kf1 Rc8 33. g3 Qc4+ 34. Qxc4
Rxc4 35. Nxe5 Rc2 36. Re2 Rxe2 37. Kxe2 Rd8 38. Nf7 Rd7 39. Ne5 Rd8 40. d7 Kg8
41. Kf3 Bb8 42. Nd3 Ba7 43. Kf4 g6 44. Ke5 Kf7 45. Rd6 Bb8 46. Kd5 Ke7 47. Re6+
Kxd7 48. Rxg6 Ke7+ 49. Kc4 b5+ 50. Kc3 Rd6 51. Rg7+ Kf6 52. Rh7 Kg6 53. Rb7 Rc6+
54. Kd4 Bd6 55. Rd7 Bc7 56. Kd5 Rc3 57. Nc5 Ba5 58. Rd6+ Kh7 59. Rxa6 Rxa3 60.
Ra7+ Kg6 61. Nd7 Rd3+ 62. Ke6 Bc3 63. Ra3 f4 64. Ne5+ Bxe5 65. Rxd3 Bc7 66. g4 1-0

[Event "TCh-TUR Super League 2023"]
[Site "Ankara TUR"]
[Date "2023.07.10"]
[Round "1.3"]
[Board "2"]
[White "Mamedyarov, Shakhriyar"]
[Black "Kadric, Denis"]
[Result "1/2-1/2"]
[WhiteTitle "GM"]
[BlackTitle "GM"]
[WhiteElo "2742"]
[BlackElo "2601"]
[WhiteTeam "BAYEGAN PENDIK"]
[BlackTeam "DARUSSAFAKA"]
[WhiteFideId "13401319"]
[BlackFideId "14403803"]
[EventDate "2023.07.10"]

1. d4 Nf6 2. Bg5 Ne4 3. Bf4 d5 4. e3 c5 5. Nd2 Nxd2 6. Qxd2 Nc6 7. Nf3 cxd4 8.
exd4 Bf5 9. Ne5 f6 10. Nxc6 bxc6 11. Qc3 Qb6 12. O-O-O e6 13. Bd3 Bb4 14. Qb3
Bxd3 15. Qxd3 c5 16. Qg3 Kf7 17. c3 Ba5 18. dxc5 Qxc5 19. Rhe1 Rhe8 20. Qf3 Rac8
21. Kb1 Re7 22. Ka1 Bb6 23. Be3 Qb5 24. g4 Rc4 25. Bxb6 axb6 26. b3 Rc8 27. Kb2
Qc5 28. g5 f5 29. Re3 b5 30. Qf4 Ra7 31. Rd2 Ra6 32. h4 Qa7 33. Kb1 Rac6 34. h5
Qc7 35. Qxc7+ R8xc7 36. Kb2 Ra7 37. f4 Rca6 38. Kb1 Rc7 39. Rd4 Rca7 40. Re2 Rc7
41. Rc2 Ke7 42. Rb4 Ra5 43. Kc1 Kd6 44. Rd4 Rca7 45. Rdd2 R5a6 46. Re2 Ra8 47.
Kd1 R8a7 48. Ke1 Rc7 49. Kd2 Rca7 50. Kd3 Ra3 51. Rcd2 R7a6 52. h6 g6 53. Ke3
Ra7 54. Kf2 R3a6 55. Ke1 Rc6 56. Re3 Rca6 57. Ree2 Rc6 1/2-1/2

[Event "TCh-TUR Super League 2023"]
[Site "Ankara TUR"]
[Date "2023.07.10"]
[Round "1.3"]
[Board "3"]
[White "Aghamaliyev, Cemil"]
[Black "Ali Marandi, Cemil Can"]
[Result "0-1"]
[WhiteTitle "GM"]
[BlackTitle "GM"]
[WhiteElo "2482"]
[BlackElo "2568"]
[WhiteTeam "DARUSSAFAKA"]
[BlackTeam "BAYEGAN PENDIK"]
[WhiteFideId "13400215"]
[BlackFideId "6300529"]
[EventDate "2023.07.10"]

1. d4 d5 2. c4 e6 3. Nf3 h6 4. g3 Nf6 5. Bg2 Bd6 6. O-O O-O 7. Qc2 b6 8. Nbd2
Bb7 9. c5 Be7 10. Ne5 bxc5 11. dxc5 Nbd7 12. Nxd7 Qxd7 13. Nf3 Qb5 14. Be3 Ba6
15. Rfe1 Rab8 16. b3 Ng4 17. Bd4 e5 18. Nxe5 Nxe5 19. Bxe5 Bxc5 20. e3 Rfe8 21.
Qb2 Qa5 22. Bc3 Bb4 23. Bxb4 Qxb4 24. Bxd5 Red8 25. Red1 c5 26. Qe5 Be2 27. Rdc1
Rb6 28. Rxc5 Rbd6 29. Rac1 Ba6 30. e4 Qd2 31. Kg2 Rf6 32. Kh3 Rxf2 33. Rh1 0-1

[Event "TCh-TUR Super League 2023"]
[Site "Ankara TUR"]
[Date "2023.07.10"]
[Round "1.3"]
[Board "4"]
[White "Solak, Dragan"]
[Black "Erturan, Yakup"]
[Result "1-0"]
[WhiteTitle "GM"]
[BlackTitle "IM"]
[WhiteElo "2586"]
[BlackElo "2363"]
[WhiteTeam "BAYEGAN PENDIK"]
[BlackTeam "DARUSSAFAKA"]
[WhiteFideId "916811"]
[BlackFideId "6301410"]
[EventDate "2023.07.10"]

1. e4 e6 2. d4 d5 3. Nd2 dxe4 4. Nxe4 Bd7 5. Nf3 Bc6 6. Bd3 Nd7 7. Bf4 Ngf6 8.
Nxf6+ Nxf6 9. O-O Bxf3 10. Qxf3 c6 11. Rad1 Qd5 12. Qe2 Be7 13. Be5 O-O 14. c4
Qa5 15. b4 Qd8 16. Qb2 Ng4 17. Bg3 Bd6 18. Be2 Bxg3 19. hxg3 Nf6 20. Bf3 Qd7 21.
a4 a6 22. g4 h6 23. g3 Rab8 24. a5 Rfd8 25. Kg2 b5 26. axb6 Rxb6 27. Qc3 Rdb8
28. Ra1 Rxb4 29. Rxa6 Rb3 30. Qa1 e5 31. dxe5 Nxg4 32. Qd1 Nxe5 33. Qxd7 Nxd7
34. Bxc6 Ne5 35. Bd5 R8b6 36. Rxb6 Rxb6 37. Re1 Nd7 38. Re8+ Nf8 39. Rd8 g6 40.
c5 Rb5 41. Rc8 Kg7 42. Rc7 Kf6 43. Rxf7+ Ke5 44. Rxf8 Kxd5 45. Rf6 g5 46. c6 Rc5
47. Rxh6 Ke4 48. Rh5 Kf5 49. f4 1-0

[Event "TCh-TUR Super League 2023"]
[Site "Ankara TUR"]
[Date "2023.07.10"]
[Round "1.3"]
[Board "5"]
[White "Fataliyeva, Ulviyya"]
[Black "Atalik, Ekaterina"]
[Result "1-0"]
[WhiteTitle "IM"]
[BlackTitle "IM"]
[WhiteElo "2401"]
[BlackElo "2407"]
[WhiteTeam "DARUSSAFAKA"]
[BlackTeam "BAYEGAN PENDIK"]
[WhiteFideId "13403052"]
[BlackFideId "4130189"]
[EventDate "2023.07.10"]

1. e4 c6 2. Nf3 d5 3. d3 g6 4. Nbd2 Bg7 5. d4 dxe4 6. Nxe4 Nf6 7. Nxf6+ exf6 8.
Be2 O-O 9. O-O Re8 10. Be3 Nd7 11. c4 f5 12. Re1 Nf6 13. Ne5 Ne4 14. f3 Nf6 15.
f4 Ng4 16. Bxg4 fxg4 17. Qb3 Qc7 18. Bf2 Bf5 19. d5 g5 20. d6 Qxd6 21. Qxb7 Qf8
22. b4 Re6 23. Rad1 gxf4 24. Nxc6 Rxe1+ 25. Rxe1 Be6 26. Bc5 Qe8 27. Ne7+ Kh8
28. Nf5 Qc8 29. Qxc8+ Rxc8 30. Nxg7 Kxg7 31. Re4 Kf6 32. Rxf4+ Ke5 33. g3 Rd8
34. Bxa7 f5 35. a4 Rd1+ 36. Kf2 Kd6 37. Be3 Ra1 38. a5 Ra2+ 39. Ke1 Rc2 40. c5+
Kc6 41. Rd4 Bc4 42. Rd6+ Kb5 43. Rb6+ Ka4 44. Bd2 Ra2 45. c6 Ra1+ 46. Bc1 f4 47.
c7 Be6 48. Kd1 Bb3+ 49. Kd2 fxg3 50. c8=Q 1-0

[Event "TCh-TUR Super League 2023"]
[Site "Ankara TUR"]
[Date "2023.07.10"]
[Round "1.3"]
[Board "6"]
[White "Murzin, Volodar"]
[Black "Isik, Alparslan"]
[Result "1/2-1/2"]
[WhiteTitle "GM"]
[BlackTitle "IM"]
[WhiteElo "2623"]
[BlackElo "2478"]
[WhiteTeam "BAYEGAN PENDIK"]
[BlackTeam "DARUSSAFAKA"]
[WhiteFideId "44155573"]
[BlackFideId "34506896"]
[EventDate "2023.07.10"]

1. e4 e5 2. Nf3 Nc6 3. Bb5 a6 4. Ba4 Nf6 5. O-O b5 6. Bb3 Bc5 7. c3 d6 8. d4 Bb6
9. Be3 O-O 10. Nbd2 h6 11. h3 Re8 12. Re1 Rb8 13. a4 Bb7 14. d5 Bxe3 15. Rxe3
Ne7 16. Nf1 c6 17. axb5 cxd5 18. bxa6 dxe4 19. axb7 exf3 20. Rxf3 Rxb7 21. Ne3
Qb6 22. Bxf7+ Kxf7 23. Nc4 Qc6 24. Nxd6+ Kg8 25. Nxe8 Qxe8 26. Qe2 Qb5 27. Ra8+
Kf7 28. Rxf6+ gxf6 29. Qh5+ Kg7 30. Qg4+ Kf7 31. Rh8 Qd3 32. Qh5+ Ke6 33. Qg4+
Kf7 34. Qh5+ Ke6 35. Qg4+ Kf7 36. Qh5+ Ke6 37. Qg4+ 1/2-1/2

[Event "TCh-TUR Super League 2023"]
[Site "Ankara TUR"]
[Date "2023.07.10"]
[Round "1.4"]
[Board "1"]
[White "Mendonca, Leon Luke"]
[Black "Volokitin, Andrei"]
[Result "0-1"]
[WhiteTitle "GM"]
[BlackTitle "GM"]
[WhiteElo "2627"]
[BlackElo "2674"]
[WhiteTeam "BURSA BUYUKSEHIR BELEDIYE SPOR KULUBU"]
[BlackTeam "DENIZ SU SATRANC GENCLIK VE"]
[WhiteFideId "35028561"]
[BlackFideId "14107090"]
[EventDate "2023.07.10"]

1. d4 Nf6 2. Nf3 d5 3. c3 e6 4. Bf4 Bd6 5. e3 O-O 6. Nbd2 b6 7. Ne5 c5 8. h4 Qc7
9. h5 Nbd7 10. Ndf3 cxd4 11. exd4 Ne4 12. Bd3 f6 13. Nxd7 Bxd7 14. Bxd6 Qxd6 15.
Qe2 Bc6 16. O-O Qf4 17. Rfe1 Qh6 18. Nh2 f5 19. f3 Ng5 20. Qe5 Be8 21. c4 dxc4
22. Bxc4 Bxh5 23. d5 Rac8 24. Bb3 exd5 25. Rad1 Kh8 26. Bxd5 Qg6 27. Kh1 Qf6 28.
Bb3 h6 29. Kg1 Qxe5 30. Rxe5 Rc7 31. Kf2 Kh7 32. Rd2 Bg6 33. Nf1 f4 34. Nh2 Rfc8
35. Red5 Bf7 36. Rd6 Bxb3 37. axb3 Rc2 38. Ng4 Nf7 39. Rd7 Rxd2+ 40. Rxd2 h5 41.
Nh2 Kg6 42. g3 Rd8 43. Rc2 fxg3+ 44. Kxg3 Rd3 45. Rc6+ Nd6 46. b4 Kg5 47. Rc7
Nf5+ 48. Kh3 Rd1 49. Rc4 Rd4 50. Rc7 Rh4+ 51. Kg2 Rxb4 52. Rxa7 Rxb2+ 53. Kh3 b5
54. Rb7 Kf4 0-1

[Event "TCh-TUR Super League 2023"]
[Site "Ankara TUR"]
[Date "2023.07.10"]
[Round "1.4"]
[Board "2"]
[White "Indjic, Aleksandar"]
[Black "Erdogmus, Yagiz Kaan"]
[Result "1/2-1/2"]
[WhiteTitle "GM"]
[BlackTitle "IM"]
[WhiteElo "2619"]
[BlackElo "2483"]
[WhiteTeam "DENIZ SU SATRANC GENCLIK VE"]
[BlackTeam "BURSA BUYUKSEHIR BELEDIYE SPOR KULUBU"]
[WhiteFideId "911925"]
[BlackFideId "44599790"]
[EventDate "2023.07.10"]

1. d4 d5 2. c4 dxc4 3. Nf3 Nf6 4. e3 e6 5. Bxc4 c5 6. O-O a6 7. b3 Nbd7 8. Bb2
Be7 9. Nbd2 O-O 10. dxc5 Bxc5 11. Bd3 b6 12. Ne4 Bb7 13. Nxc5 Nxc5 14. Be2 Qe7
15. Ne5 Rfd8 16. Qe1 Nfd7 17. Nxd7 Rxd7 18. Qc3 Qg5 19. f3 Rc8 20. h4 Qh6 21.
Rfd1 Na4 22. Qxg7+ Qxg7 23. Bxg7 Rxd1+ 24. Bxd1 Kxg7 25. bxa4 Rc3 26. e4 Ra3 27.
Rb1 Rxa2 28. Rxb6 Ra1 29. Rd6 Bd5 30. exd5 Rxd1+ 31. Kf2 a5 32. g4 h5 33. Ke3
hxg4 34. fxg4 exd5 35. Ra6 d4+ 36. Kf2 Rh1 37. h5 f5 38. gxf5 Rxh5 39. Rxa5 Kf6
40. Kf3 Rh4 41. Rd5 d3 42. a5 Ra4 43. Ke3 Ra3 44. Kd2 Kg5 45. Kc1 Ra4 46. Kb2 d2
47. Kc2 Ra2+ 48. Kd1 Kf6 49. Rxd2 Rxa5 50. Rf2 Ra1+ 51. Ke2 Ra2+ 52. Kf1 Rxf2+
53. Kxf2 Kxf5 1/2-1/2

[Event "TCh-TUR Super League 2023"]
[Site "Ankara TUR"]
[Date "2023.07.10"]
[Round "1.4"]
[Board "3"]
[White "Haznedaroglu, Kivanc"]
[Black "Citak, Selim"]
[Result "1/2-1/2"]
[WhiteTitle "GM"]
[BlackTitle "FM"]
[WhiteElo "2408"]
[BlackElo "2327"]
[WhiteTeam "BURSA BUYUKSEHIR BELEDIYE SPOR KULUBU"]
[BlackTeam "DENIZ SU SATRANC GENCLIK VE"]
[WhiteFideId "6300634"]
[BlackFideId "6301819"]
[EventDate "2023.07.10"]

1. d4 Nf6 2. c4 e6 3. Nf3 d5 4. g3 Be7 5. Bg2 O-O 6. O-O dxc4 7. Qc2 a6 8. a4
Bd7 9. Rd1 Bc6 10. Nc3 Bxf3 11. Bxf3 Nc6 12. Bxc6 bxc6 13. a5 Rb8 14. Ra4 Rb4
15. Na2 Rxa4 16. Qxa4 Qb8 17. Qxc4 Qb5 18. Qxb5 cxb5 19. Bg5 c5 20. dxc5 Bxc5
21. Bxf6 gxf6 22. Rc1 Be7 23. Rc7 Bd8 24. Rc6 Bxa5 25. Rxa6 Bd2 26. Rd6 Ra8 27.
Rxd2 Rxa2 28. e4 Ra4 29. f3 Rb4 30. Kf2 e5 31. g4 Rb3 32. Kg3 Kg7 1/2-1/2